| 000 | 00689nam a2200217 i 4500 | ||
|---|---|---|---|
| 001 | 120952 | ||
| 003 | ES-MaACL | ||
| 005 | 20230906191645.0 | ||
| 007 | t| | ||
| 008 | 070214s1955 sp f |||| |bspa d | ||
| 080 | _a929:75 Valdés Leal, Juan de | ||
| 100 | 1 |
_aPompey, Francisco. _992936 |
|
| 245 | 1 | 0 |
_aJuan Valdés Leal / _cpor Francisco Pompey. |
| 260 |
_aMadrid : _bPublicaciones Españolas, _c1955. |
||
| 300 |
_a29 p., [4] p. de lám. ; _c24 cm. |
||
| 490 | 1 |
_aTemas españoles ; _v195 |
|
| 600 | 1 | 4 |
_aValdés Leal, Juan de. _9149666 |
| 830 | 1 |
_aTemas españoles ; _v195 _9178712 |
|
| 852 |
_aES-MaACL _j1966-F-6 _z- Dedicatoria autógrafa del autor |
||
| 999 |
_c120952 _d120952 |
||